000 00861cam a2200241 4500
001 ABS62610
008 000000n2000 000 0 eng u
035 _a(Sirsi) u107370
100 _aPitt, M.
245 4 _aThe facilities-property management interface
260 _c2000
490 _aFacilities Management
_v7(9) July 2000, 10-11(9)
520 _aArgues that traditional organisational structures do not allow for the integration of the strategic dimensions of facilities management. Puts forward a case for an integrative approach to facilities and property management. References.
590 _aABS
650 _aProperty management
_96262
650 _aINTEGRATION
650 _aORGANISATIONAL STRUCTURE
650 _aCOOPERATION
650 _aSTRATEGY
690 _aMANAGEMENT-FACILITIES MANAGEMENT
700 _aHinks, J.
942 _n0
999 _c64200
_d64200